Statistics for Number of Scouts and Guides per country. Be Prepared!

Click here to take the quiz!

General Stats

  • This quiz has been taken 358 times
  • The average score is 12 of 20

Answer Stats

MembersCountry% Correct
7 500 000United States
98%
1 000 000United Kingdom
94%
200 000France
90%
160 000Hong Kong
88%
250 000Germany
87%
220 000Canada
86%
4 150 000India
84%
220 000Italy
77%
200 000Japan
76%
17 100 000Indonesia
60%
160 000Poland
56%
1 300 000Thailand
50%
270 000South Korea
49%
575 000Pakistan
48%
2 150 000Philippines
35%
1 050 000Bangladesh
34%
170 000Belgium
33%
160 000Nigeria
32%
480 000Kenya
23%
230 000Uganda
10%

Score Distribution

Percentile by Number Answered

Percent of People with Each Score

Your Score History

You have not taken this quiz